| 000 | 00777nam a2200253Ia 4500 | ||
|---|---|---|---|
| 003 | IIN | ||
| 005 | 20250530130847.0 | ||
| 008 | 231217s9999 xx 000 0 und d | ||
| 020 |
_cRs.905.00 _a9788131247440 |
||
| 040 |
_aIIN _bEnglish |
||
| 082 |
_a610.73 _bSWE |
||
| 100 | 1 | _aSwearingen, Pamela L. | |
| 245 | 1 |
_aNursing Care Planning Resource: _bMedical-Surgical Nursing (Vol.1)/ _cPamela L. Swearingen; edited by Malarvizhi S. |
|
| 250 | _bSouth Asian Edition | ||
| 260 |
_aNew Delhi _bElsevier _c2017 |
||
| 300 |
_axxiii, 612p _bill. |
||
| 440 |
_aMedical-Surgical Nursing _v1 |
||
| 500 | _aIncludes Index | ||
| 650 | 1 |
_aFoundation _vNursing |
|
| 650 | 1 | _aNursing Care Planning | |
| 650 | 1 | _aMedical Surgical Nursing | |
| 700 | _aMalarvizhi S. (ed) | ||
| 942 | _cBOOK | ||
| 999 |
_c576 _d576 |
||